| 000 | 01886cam a22004934i 4500 | ||
|---|---|---|---|
| 003 | PE-LiUPU | ||
| 005 | 20250731173530.0 | ||
| 008 | 150616s1985 ilu rb 000 0 eng d | ||
| 020 | _a0877844054 | ||
| 035 | _a(Sirsi) i9780877844051 | ||
| 040 |
_aPE-LiUPU _bspa _cPE-LiUPU _erda |
||
| 049 | _aPRUA | ||
| 082 | 0 | 4 |
_a223.706 _bK52 _221 |
| 100 | 1 |
_aKidner, Derek, _eautor. |
|
| 245 | 1 | 4 |
_aThe Wisdom of Proverbs, Job & Ecclesiastes / _cDerek Kidner. |
| 264 | 1 |
_aIllinois : _bInterVarsity Press, _c1985. |
|
| 300 |
_a175 páginas ; _c21 centímetros |
||
| 336 |
_atext _2rdacontent |
||
| 337 |
_aunmediated _2rdamedia |
||
| 338 |
_avolume _2rdacarrier |
||
| 504 | _aIncluye bibliografía. | ||
| 505 | 0 | _aA meeting of minds -- The book of Proverbs: alife managed -- Proverbs and modern study -- The book of Job: a world well managed? Job in academic discussion -- Ecclesiastes: a life worth living?. | |
| 526 | _aSEG42 | ||
| 526 | _aSEG41 | ||
| 526 | _aSEG40 | ||
| 526 | _aSEG39 | ||
| 526 | _aP94 | ||
| 526 | _aP87 | ||
| 526 | _aP86 | ||
| 526 | _aP85 | ||
| 526 | _aP77 | ||
| 526 | _aP76 | ||
| 526 | _aP35 | ||
| 630 |
_aBiblia. _pA.T. _pEclesiastés _xCrítica, interpretación, etc. |
||
| 630 |
_aBiblia. _pA.T. _pJob _xCrítica, interpretación, etc. |
||
| 630 |
_aBiblia. _pA.T. _pProverbios _xCrítica, interpretación, etc. |
||
| 910 |
_ajck _bjvq _cjck |
||
| 942 |
_2ddc _cBOOK |
||
| 949 |
_a223.706 K52 _wDEWEY _c1 _i42234 _d2016-11-18 _e2016-11-17 _lCCODEBUL1 _mBUL _n1 _r0 _sY _tBOOK _u2015-6-16 _xTEOLOGIA _zUNKNOWN _0COMPRA _o.STAFF. Colección Teología |
||
| 994 |
_aC0 _bPEPRU |
||
| 596 | _a1 | ||
| 999 |
_a223.706 K52 _wDEWEY _c60064 _i42234 _d60064 _e2016-11-17 _f2021-11-9 _g5 _lCCODEBUL1 _mBUL _n1 _p15.00 _q1 _r0 _sY _tBOOK _u2015-6-16 _xTEOLOGIA _PP35 _0COMPRA _o.STAFF. Colección Teología |
||
| 980 |
_81 _gALBERTO SANCHEZ Responsable de Automatización |
||